000
00321nam a22001457a 4500
003
SGT
020
_a
139781451173192
082
_a
615.822
_b
I14B
100
_a
BRAUN, MARYBETH
245
_a
INTRODUCTION TO MASSAGE THERAPY
250
_a
3RD
260
_b
WOLTERS KLUWER, CHINA
_c
2014
300
_a
604
942
_2
ddc
_c
BK
999
_c
19799
_d
19799